[Event "IECG Q3.2001.0.00102"]
[Site "IECG email"]
[Date "2001.03.16"]
[Round "?"]
[White "Chisholm, Roy"]
[Black "Leanza, Marco Antonio"]
[Result "0-1"]
[WhiteElo "1100"]
[BlackElo "1222"]
[PlyCount "53"]
[EventDate "2001.03.16"]
[EventType "tourn (corr)"]
[EventRounds "6"]
[SourceTitle "Corr 2008"]
[Source "ChessBase"]
[SourceDate "2008.06.24"]
[SourceVersion "1"]
[SourceVersionDate "2008.06.24"]
[SourceQuality "1"]

1. e4 e5 2. Nf3 Nf6 3. Bc4 Nxe4 4. 0-0 d5 5. Bb3 Nc6 6. h3 Be7 7. Re1 f6 8. d3 Nc5 9. Nc3 Nxb3 10. axb3 0-0 11. d4 e4 12. Nh2 Be6 13. Ng4 f5 14. Ne5 Nxe5 15. dxe5 f4 16. Kh2 c6 17. g4 fxg3+ 18. fxg3 Rf2+ 19. Kg1 Bc5 20. Be3 Rf3 21. Nxe4 Bxe3+ 22. Rxe3 Rxe3 23. Qd4 Rxe4 24. Qf2 Rxe5 25. Kh2 Qf6 26. Qd4 Re2+ 27. Kg1 0-1

[Event "IECG Q3.2001.0.00102"]
[Site "IECG email"]
[Date "2001.03.16"]
[Round "?"]
[White "Chisholm, Roy"]
[Black "Wagle, David"]
[Result "0-1"]
[WhiteElo "1100"]
[BlackElo "1350"]
[PlyCount "76"]
[EventDate "2001.03.16"]
[EventType "tourn (corr)"]
[EventRounds "6"]
[SourceTitle "Corr 2008"]
[Source "ChessBase"]
[SourceDate "2008.06.24"]
[SourceVersion "1"]
[SourceVersionDate "2008.06.24"]
[SourceQuality "1"]

1. e4 e6 2. d4 d5 3. Nc3 Nf6 4. Bg5 c5 5. Nf3 Be7 6. Bd3 Nc6 7. Bb5 0-0 8. 0-0 Bd7 9. Re1 cxd4 10. Nxd4 Nxd4 11. Qxd4 Bxb5 12. Nxb5 Nxe4 13. Bxe7 Qxe7 14. Nc3 Rfc8 15. Rac1 Qc5 16. Ne2 Rc7 17. c3 b6 18. h3 Rac8 19. b4 Qxd4 20. cxd4 Rc4 21. a3 Nd6 22. f3 Nb5 23. Ra1 Nxd4 24. Nxd4 Rxd4 25. Rac1 Rdc4 26. Rcd1 Rc3 27. a4 R3c4 28. Rb1 Kf8 29. Rb2 Ke7 30. Kf2 f6 31. g4 g5 32. a5 Kd6 33. Kg3 h6 34. h4 b5 35. Rbe2 e5 36. a6 Rxb4 37. f4 gxf4+ 38. Kf3 Rc3+ 0-1

[Event "IECG Q3.2001.0.00102"]
[Site "IECG email"]
[Date "2001.03.16"]
[Round "?"]
[White "Wagle, David"]
[Black "Chisholm, Roy"]
[Result "1-0"]
[WhiteElo "1350"]
[BlackElo "1100"]
[PlyCount "78"]
[EventDate "2001.03.16"]
[EventType "tourn (corr)"]
[EventRounds "6"]
[SourceTitle "Corr 2008"]
[Source "ChessBase"]
[SourceDate "2008.06.24"]
[SourceVersion "1"]
[SourceVersionDate "2008.06.24"]
[SourceQuality "1"]

1. d4 d5 2. c4 e6 3. Nc3 Nf6 4. Bg5 Be7 5. cxd5 exd5 6. e3 a6 7. Bd3 Nc6 8. Nge2 Be6 9. 0-0 0-0 10. Qc2 g6 11. Ng3 Qd7 12. a3 Rfe8 13. f3 Kg7 14. Rad1 h6 15. Bxf6+ Bxf6 16. Nce2 Ne7 17. Nf4 Bf5 18. Bxf5 Nxf5 19. Nxf5+ Qxf5 20. Qxf5 gxf5 21. Nxd5 Bd8 22. Rd3 c6 23. Nc3 b5 24. b4 Be7 25. Re1 a5 26. Rb1 Red8 27. e4 fxe4 28. fxe4 c5 29. bxc5 Bxc5 30. Nxb5 a4 31. Rg3+ Kf8 32. dxc5 Rab8 33. Rb4 Rd2 34. Kf1 Rbd8 35. Nd6 Ra8 36. e5 Ke7 37. Rb7+ Ke6 38. Nxf7 Rf8 39. Rg6+ Kd5 1-0

[Event "IECG Q3.2000.0.00069"]
[Site "IECG email"]
[Date "2000.04.10"]
[Round "?"]
[White "Chisholm, Roy"]
[Black "Rakovic, Dragan"]
[Result "0-1"]
[WhiteElo "1100"]
[BlackElo "1207"]
[PlyCount "44"]
[EventDate "2000.04.10"]
[EventType "tourn (corr)"]
[EventRounds "6"]
[SourceTitle "Corr 2008"]
[Source "ChessBase"]
[SourceDate "2008.06.24"]
[SourceVersion "1"]
[SourceVersionDate "2008.06.24"]
[SourceQuality "1"]

1. e4 e5 2. Nf3 Nc6 3. Bc4 Bc5 4. 0-0 d6 5. Re1 Bg4 6. h3 h5 7. hxg4 hxg4 8. Kf1 gxf3 9. Qxf3 Rh1+ 10. Ke2 Nd4+ 11. Kd3 Nxf3 12. Rxh1 Qf6 13. Ke2 Ng1+ 14. Kd1 Qxf2 15. c3 Qxg2 16. Rh8 0-0-0 17. Na3 Nf6 18. Rxd8+ Kxd8 19. b4 Bb6 20. Bxf7 Nxe4 21. Bd5 Nf2+ 22. Kc2 Qxd5 0-1